Cálculo integral y series
Guardat en:
| Autor principal: | |
|---|---|
| Autor corporatiu: | |
| Format: | Llibre |
| Idioma: | espanyol |
| Publicat: |
Valparaíso
Universidad Católica de Valparaíso
1979
|
| Matèries: | |
| Etiquetes: |
Afegir etiqueta
Sense etiquetes, Sigues el primer a etiquetar aquest registre!
|
MARC
| LEADER | 00000nam a2200000 a 4500 | ||
|---|---|---|---|
| 001 | UCV4259 | ||
| 003 | CL-VaPUC | ||
| 008 | 910128e19790000CL |||||||||||||||||spa|d | ||
| 082 | 0 | 4 | |a 515.43 |b MAR |2 21 |
| 100 | |a Martínez Yáñez, Carlos Alberto |e autor |9 775858 | ||
| 110 | 2 | |a Universidad Católica de Valparaíso. Instituto de Matemáticas |e author |9 298555 | |
| 245 | 1 | 0 | |a Cálculo integral y series |
| 300 | |a 142 h | ||
| 942 | |c BK | ||
| 945 | |d 19910128 00:00:00 |a mfernand | ||
| 260 | |a Valparaíso |b Universidad Católica de Valparaíso |c 1979 | ||
| 650 | 7 | |a CALCULO INTEGRAL PROBLEMAS, EJERCICIOS, ETC |2 CL-VaPUC |9 260471 | |
| 650 | 0 | |a Series (Matemáticas) |9 260245 | |
| 583 | |a last modification |c 19910128 00:00:00 |k Rodrigo Vera | ||
| 999 | |c 211181 |d 211179 | ||
| 952 | |0 0 |1 0 |2 ddc |4 0 |6 515_430000000000000_MAR_1979 |7 0 |8 A |9 189486 |a BIBMEC |b BIBMEC |d 2019-11-14 |i 2982773 |o 515.43 MAR 1979 |p 2982773 |r 2024-01-19 |w 2019-11-14 |y BK_P |k MEC | ||
| 952 | |0 0 |1 0 |2 ddc |4 0 |6 515_430000000000000_MAR_1979 |7 0 |8 A |9 189487 |a BIBMEC |b BIBMEC |d 2019-11-14 |i 2982781 |o 515.43 MAR 1979 |p 2982781 |r 2024-01-19 |w 2019-11-14 |y BK_P |k MEC | ||
| 952 | |0 0 |1 0 |2 ddc |4 0 |6 515_430000000000000_MAR_1979 |7 0 |8 A |9 189488 |a BIBMEC |b BIBMEC |d 2019-11-14 |i 2982811 |o 515.43 MAR 1979 |p 2982811 |r 2024-01-19 |w 2019-11-14 |y BK_P |k MEC | ||